Comfort food for breakups : the memoir of a hungry girl (Record no. 28333)

MARC details
000 -LEADER
fixed length control field 00453nam a2200181Ia 4500
020 ## - INTERNATIONAL STANDARD BOOK NUMBER
ISBN 978-0-7394-8188-2
050 ## - CALL MARK
Classification number TX 833.5 .B59/
100 ## - STATEMENT OF RESPONSIBILITY--MAIN AUTHOR NAME
Personal name Bociurkiw, Marusya
245 #0 - TITLE STATEMENT
Title Comfort food for breakups : the memoir of a hungry girl
260 ## - PUBLICATION, DISTRIBUTION, ETC. (IMPRINT)
Place of publication Canada
260 ## - PUBLICATION, DISTRIBUTION, ETC. (IMPRINT)
Name of publisher Arsenel Pulp Press
260 ## - PUBLICATION, DISTRIBUTION, ETC. (IMPRINT)
Year of publication 2007
300 ## - PHYSICAL DESCRIPTION
Number of Pages 171 p
650 ## - SUBJECT ADDED ENTRY--TOPICAL TERM
Topical Term Cookery
942 ## - ADDED ENTRY ELEMENTS (KOHA)
Koha item type Books
Holdings
Withdrawn status Lost status Source of classification or shelving scheme Damaged status Not for loan Permanent Location Current Location Date acquired Accession Number Price effective from Koha item type
    Library of Congress Classification     NILE UNIVERSITY OF NIGERIA - MAIN LIBRARY NILE UNIVERSITY OF NIGERIA - MAIN LIBRARY 04/23/2025 0010212 04/23/2025 Books